PRACTICAL MANUAL OF BIO CHEMISTRY AND CLINICAL PATHOLOGY (Record no. 5983)

MARC details
000 -LEADER
fixed length control field 00393nam a22001457a 4500
005 - DATE AND TIME OF LATEST TRANSACTION
control field 20240110113251.0
008 - FIXED-LENGTH DATA ELEMENTS--GENERAL INFORMATION
fixed length control field 190911b xxu||||| |||| 00| 0 eng d
020 ## - INTERNATIONAL STANDARD BOOK NUMBER
ISBN 978-93-860-84-78-1
041 ## - LANGUAGE CODE
Language code of text/sound track or separate title eng
100 ## - MAIN ENTRY--AUTHOR NAME
Personal name GUPTA, Dr.G.D & SHARMA, DR. SHAILESH
245 ## - TITLE STATEMENT
Title PRACTICAL MANUAL OF BIO CHEMISTRY AND CLINICAL PATHOLOGY
250 ## - EDITION STATEMENT
Edition statement 6th, Ed., 2019
300 ## - PHYSICAL DESCRIPTION
Number of Pages 86p,
942 ## - ADDED ENTRY ELEMENTS (KOHA)
Koha item type Books
Holdings
Lost status Damaged status Collection code Home library Current library Shelving location Date acquired Source of acquisition Cost, normal purchase price Accession Number Koha item type
    Reference JRU Library JRU Library SHELF-5-D 11/09/2019 PURCHESS 80.00 23500 Books
    PHARMACY JRU Library JRU Library Shelf - 27- J 11/09/2019 PURCHESS 80.00 23501 Books
    PHARMACY JRU Library JRU Library Shelf - 27- J 11/09/2019 PURCHESS 80.00 23502 Books
    PHARMACY JRU Library JRU Library Shelf - 27- J 11/09/2019 PURCHESS 80.00 23503 Books